Elektronické peniaze sú už tu majú ešte mince a bankovky budúcnosť?

Bibliographic Details
Main Author: Baláž, Vladimír (Author)
Format: Article
Language:Slovak
PhysicalDescription:Obr.
ISSN:1335-440X
Subjects:

MARC

LEADER 00000nab a2200000 ar4500
001 vtls009003206
003 SK-MaSNL
005 20260303065538.0
008 070628c2007 xo dr|p|||||||000 b|slo
015 |a SNBRB2007/06  |2 snkbucl 
038 |a SNKBUCL 
040 |a SNKBUCL  |b slo  |c SNKBUCL  |e AACR2 
041 |a slo 
044 |a xo  |c SK 
080 |a 336.7:004.08  |2 2001 
100 1 |a Baláž, Vladimír  |4 aut  |9 6765 
245 1 0 |a Elektronické peniaze sú už tu  |b majú ešte mince a bankovky budúcnosť?  |c Vladimír Baláž 
300 |b Obr. 
500 |a Od 15.1.2007 návrat k pôvodnému vročeniu 
650 0 7 |a bezhotovostný platobný styk  |2 snkbucl  |9 55411 
650 0 7 |a elektronické peniaze  |2 snkbucl  |9 1065748 
650 0 7 |a platobné karty  |2 snkbucl  |9 73218 
773 0 |t Sme  |g Roč. 15, č. 134 (12.6.2007)  |x 1335-440X 
773 0 8 |i Príl.:  |t Financie  |g S. 6 
852 |a SNK  |b KIS3GCP 
999 |c 1751631  |d 1753561